| 000 | 00450nam a22001577a 4500 | ||
|---|---|---|---|
| 020 | _a9781009045636 | ||
| 082 |
_a 174.30994 _bHOL |
||
| 100 | _aHolmes, Vivien | ||
| 245 |
_aParker & Evans's Inside lawyers' Ethics / _cVivien Holmes and Francesca Bartlett |
||
| 250 | _a4th Edition. | ||
| 260 |
_aNew York : _bCambridge University Press, _c2014. |
||
| 300 | _a370 p. | ||
| 563 | _aPB. | ||
| 650 |
_aLaw, Ethics _9128395 |
||
| 942 |
_2ddc _cBK |
||
| 999 |
_c613370 _d613370 |
||